Conferencias sobre educación infantil / (Record no. 49744)

MARC details
000 -CABECERA
campo de control de longitud fija 00682nam a2200229 a 4500
005 - FECHA Y HORA DE LA ÚLTIMA TRANSACCIÓN
campo de control 20240925064430.0
008 - ELEMENTOS DE LONGITUD FIJA--INFORMACIÓN GENERAL
campo de control de longitud fija 991125m19831992es 000 0 spa u
020 ## - NÚMERO INTERNACIONAL NORMALIZADO PARA LIBROS
Número Internacional Estándar del Libro 9681505689
035 ## - NÚMERO DE CONTROL DEL SISTEMA
Número de control de sistema UPN01000049744
049 ## - COLECCIÓN
Colección CG
050 #4 - SIGNATURA TOPOGRÁFICA DE LA BIBLIOTECA DEL CONGRESO
Número de clasificación LB775 M3.4
Número de documento/Ítem C6.8b 1983
100 1# - ASIENTO PRINCIPAL--NOMBRE PERSONAL
Nombre de persona Makarenko, Anton Semenovich,
Fechas asociadas al nombre 1888-1939
245 10 - MENCIÓN DE TÍTULO
Título Conferencias sobre educación infantil /
Mención de responsabilidad, etc. A. Makarenko.
250 ## - MENCIÓN DE EDICIÓN
Mención de edición 2a ed.
260 ## - PUBLICACIÓN, DISTRIBUCIÓN, ETC.
Lugar de publicación, distribución, etc. México :
Nombre del editor, distribuidor, etc. Editores Mexicanos Unidos,
Fecha de publicación, distribución, etc. 1983 (1992 impr.).
300 ## - DESCRIPCIÓN FÍSICA
Extensión 183 p.
440 #0 - MENCIÓN DE SERIE/ASIENTO SECUNDARIO--TÍTULO
Título Ayúdese usted mismo
650 #4 - ASIENTO SECUNDARIO DE MATERIA - TERMINO TEMATICO
Término de materia o nombre geográfico como elemento de entrada Educación de niños
9 (RLIN) 5387
650 #4 - ASIENTO SECUNDARIO DE MATERIA - TERMINO TEMATICO
Término de materia o nombre geográfico como elemento de entrada Educación familiar
9 (RLIN) 7274
650 #4 - ASIENTO SECUNDARIO DE MATERIA - TERMINO TEMATICO
Término de materia o nombre geográfico como elemento de entrada Padres e hijos
9 (RLIN) 1360
905 ## - TIPO DE MATERIAL
Tipo de material Libro
Holdings
Estado de retiro Estado de pérdida Fuente del sistema de clasificación o colocación Estado dañado No para préstamo Código de colección Localización permanente Ubicación/localización actual Ubicación en estantería Fecha de adquisición Total de préstamos Clasificación Código de barras Fecha visto por última vez Fecha del último préstamo Número de copia Tipo de ítem Koha Renovaciones totales
    Library of Congress Classification     Colección General Bib. Gregorio Torres Quintero Bib. Gregorio Torres Quintero Planta baja 03/03/2023 49 LB775 M3.4 C6.8b 1983 114154 22/11/2023 15/11/2023 1 Libro  
    Library of Congress Classification     Colección General Bib. Gregorio Torres Quintero Bib. Gregorio Torres Quintero Planta baja 23/02/2023 16 LB775 M3.4 C6.8b 1983 286239 29/03/2023 23/02/2023 1 Libro 1